00481nam a22001697a 450000500170000001000150001702000260003203500140005803700130007208200150008510000150010024500350011526000400015027000610019030000240025150000360027520200224172130.0 aENG-127944 a9788188995424c695.00 aEN-111476 bDBAD/PUB a658.110954 aAsha Kiran aStart up India/cby Asha Kiran aNew DelhibGyandeep Prakashanc2019 a689/3, Mehrauli, Near Roopanwala kuanbNew Delhie110030 avii;192p.c23cm(hb) aIncludes Bibliography and Index